000 00586nam a22002057a 4500
003 BD-ChCU
005 20260429101340.0
008 260429b ny||||| |||| 00| 0 eng d
020 _a9780367365974
040 _cBD-ChCU
082 _223
_a551.462 G197i
100 _aGangopadhyay, Avijit.
_922055
245 _aIntroduction to ocean circulation and modeling/
_cAvijit Gangopadhyay.
250 _a1ed.
260 _a New York :
_bCRC Press,
_c2022
300 _a433 P. :
504 _aIncludes.
650 0 _aMathematical models ; Ocean circulation.
_922058
942 _2ddc
_cBK
_n0
999 _c112506
_d112506